Dopady harmonizácie nepriamych daní v EÚ na podniky v SR bakalárska práca

Salvato in:
Dettagli Bibliografici
Autore principale: Adamčíková, Petra
Ente Autore: Podnikovohospodárska fakulta EU so sídlom v Košiciach. Katedra účtovníctva a financií
Altri autori: Simonidesová, Jana, 1968-
Natura: Libro
Lingua:slovacco
Pubblicazione: Košice 2010
Tags: Aggiungi Tag
Nessun Tag, puoi essere il primo ad aggiungerne!!

MARC

LEADER 00000nbm a2200000 4500
001 0132721
005 20161109111439.0
041 0 |a slo 
044 |a SK 
245 1 0 |a Dopady harmonizácie nepriamych daní v EÚ na podniky v SR  |b bakalárska práca  |c Petra Adamčíková ; školiteľ: Jana Simonidesová 
264 1 |a Košice  |c 2010 
300 |a 63 s. 
100 1 |a Adamčíková, Petra 
700 1 |a Simonidesová, Jana, 1968- 
710 2 |a Podnikovohospodárska fakulta EU so sídlom v Košiciach. Katedra účtovníctva a financií